| Registos Bibliográficos associados ao registo de autoridade |
|
Etiqueta de registo: 00000nam 2200025 450 001 2289561 003 http://id.bnportugal.gov.pt/bib/catbnp/2289561 100 ## $a20260703d2025 k y0pory01030103ba 101 0# $apor$deng 102 ## $aPT 105 ## $aa m 000yy 106 ## $ar 200 1# $aAtenção visual em crianças surdas$fJoão Dele$gorient. Anabela Maria Sousa Pereira, Paula Ângela Coelho Henrique dos Santos, Paulo
Jorge Alves 210 #9 $aAveiro$c[s.n.],$d2025 215 ## $a126 p.$cil.$d30 cm 328 #1 $aTese dout. Psicologia, Universidade de Aveiro, 2025 700 #1 $aDele,$bJoão,$f1974$32002611 702 #1 $92$aPereira,$bAnabela Sousa$4727$3865439 702 #1 $aSantos,$bPaula Ângela Coelho Henriques dos$4727$31504751 702 #1 $aAlves,$bPaulo Jorge$4727$31479914 801 #0 $aPT$bBN$gRPC 966 ## $lBN$mFGMON$x1 971 ## $corlando$d20260703
|
|
|